Statistics for Double Acts

Click here to take the quiz!

General Stats

  • This quiz has been taken 15 times
  • The average score is 7 of 25

Answer Stats

Clue#1 and ....#2% Correct
Founders of RomeRomulus andRemus
93%
"The Road to".... moviesBing Crosby andBob Hope
53%
"Derek and Clive"Dudley Moore andPeter Cook
53%
"The Adventures of Asterix"Asterix andObelix
47%
Manager and his Assistant at Hartlepool, Derby, Brighton
and Nottingham Forest
Brian Clough andPeter Taylor
47%
Coxless pairs who won Gold in 1992 and 1996Steve Redgrave andMatthew Pinsent
40%
The White StripesJack White andMeg White
40%
Legendary trainer and horseGinger McCain andRed Rum
40%
"Minder"Arthur Daley andTerry McCann
40%
"The Sweeney"Jack Regan andGeorge Carter
33%
"Wayne & Waynetta"Harry Enfield andKathy Burke
33%
"The Persauders"Lord Brett Sinclair andDanny Wilde
27%
"Bottom"Ritchie Richard andEddie Hitler
27%
Australian Tennis Doubles TeamPeter McNamara andPaul McNamee
27%
"Pet Shop Boys"Neil Tennant andChris Lowe
20%
"Gavin & Stacy" - male best buddiesGavin Shipman andNeil Smith
20%
"Lord of the Rings"Frodo Baggins andSamwise Gamgee
20%
"The Girl with the Dragon Tattoo"Mikael Blomkvist andLisbeth Salander
13%
"Mark and Lard"Mark Radcliffe andMark Riley
13%
Most Success Women's Tennis Double TeamMartina Navratilova andPam Shriver
13%
"The Mighty Boosh"Howard Moon andVince Noir
13%
“Pride and Prejudice”Elizabeth Bennet andFitzwilliam Darcy
7%
"Absolutely Fabulous"Edna Monsoon andPatsy Stone
7%
"Bad Boys"Mike Lowrey andMarcus Burnett
0%
"Starsky and Hutch"Dave Starsky andRichard Hutchinson
0%

Score Distribution

Percentile by Number Answered

Percent of People with Each Score

Your Score History

You have not taken this quiz